[Event "Recife PE23 Gr D"]
[Site "Recife"]
[Date "2023.04.07"]
[Round "2"]
[White "Timossi, Lucas Jose Santiago"]
[Black "Sato, Andrew Ryuji Silvei"]
[Result "1-0"]
[WhiteElo "1425"]
[BlackElo "1441"]
[PlyCount "95"]
[EventDate "2023.04.06"]
[EventType "tourn"]
[EventRounds "7"]
[EventCountry "BRA"]
[SourceTitle "EXT 2024"]
[Source "ChessBase"]
[SourceDate "2023.10.10"]
[SourceVersion "1"]
[SourceVersionDate "2023.10.10"]
[SourceQuality "1"]

1. e4 c5 2. Nf3 Nc6 3. d4 cxd4 4. Nxd4 d6 5. Nc3 a6 6. Bc4 Nf6 7. Bb3 g6 8. Be3 Bg7 9. Qd2 Nxd4 10. Bxd4 0-0 11. f3 e6 12. g4 d5 13. e5 Nd7 14. 0-0-0 Qh4 15. f4 Qxg4 16. Rdg1 Qh4 17. Bf2 Qe7 18. h4 h5 19. Rg2 Bh6 20. Rhg1 Nxe5 21. Qe2 Ng4 22. Rxg4 hxg4 23. Qxg4 e5 24. Nxd5 Qd6 25. Qg2 Bxf4+ 26. Kb1 Bf5 27. h5 Kg7 28. hxg6 fxg6 29. Nxf4 exf4 30. Qxb7+ Qd7 31. Bd4+ Kh6 32. Rh1+ Kg5 33. Qg2+ Bg4 34. c3 Rae8 35. Qh2 f3 36. Qh6+ Kf5 37. Bc2+ Ke6 38. Qxg6+ Ke7 39. Rh7+ Kd8 40. Rxd7+ Kxd7 41. Qxg4+ Kd8 42. Bb6+ Ke7 43. Bc5+ Kd8 44. Qd4+ Kc8 45. Bxf8 Re1+ 46. Bd1 f2 47. Qxf2 Rxd1+ 48. Kc2 1-0

[Event "BRA-ch 88th"]
[Site "Recife"]
[Date "2022.12.21"]
[Round "9"]
[White "De Andrade, Dalson Holanda Cav"]
[Black "Timossi, Lucas Jose Santiago"]
[Result "1/2-1/2"]
[WhiteElo "1919"]
[BlackElo "1383"]
[PlyCount "105"]
[EventDate "2022.12.15"]
[EventType "swiss"]
[EventRounds "11"]
[EventCountry "BRA"]
[SourceTitle "CBM 212 Extra"]
[Source "ChessBase"]
[SourceDate "2023.03.31"]
[SourceVersion "1"]
[SourceVersionDate "2023.03.31"]
[SourceQuality "1"]

1. d4 e6 2. c4 Nf6 3. Nc3 d6 4. Nf3 Nbd7 5. Bg5 Be7 6. e3 b6 7. Bd3 c5 8. 0-0 Bb7 9. Qe2 Rc8 10. a4 cxd4 11. exd4 d5 12. Ne5 dxc4 13. Bxc4 0-0 14. Rfe1 Nxe5 15. dxe5 Nd7 16. Bxe7 Qxe7 17. Nb5 Nxe5 18. Qxe5 Rxc4 19. Rac1 Qb4 20. Nd6 Rxc1 21. Rxc1 Bd5 22. h3 Rd8 23. Nb5 Qxa4 24. Qc7 Rf8 25. Nxa7 Qb3 26. Nc8 Qxb2 27. Nxb6 Qd2 28. Nd7 Qg5 29. g3 Re8 30. Ne5 Qf6 31. Qd7 Rf8 32. Rc8 g6 33. Qc7 Rxc8 34. Qxc8+ Kg7 35. Qc3 h5 36. h4 Qe7 37. Nd3+ f6 38. Nf4 Kh7 39. Qd3 f5 40. Nxd5 exd5 41. Qxd5 Qe1+ 42. Kg2 Qe4+ 43. Qxe4 fxe4 44. Kf1 Kg7 45. Ke2 Kf6 46. Ke3 Ke5 47. f3 exf3 48. Kxf3 Kf5 49. Kg2 Kg4 50. Kf2 g5 51. hxg5 Kxg5 52. Kg2 Kg4 53. Kh2 1/2-1/2

[Event "Natal zt 2.4"]
[Site "Natal"]
[Date "2022.10.08"]
[Round "9"]
[White "Sampaio, Andre Luiz"]
[Black "Timossi, Lucas Jose Santiago"]
[Result "1-0"]
[WhiteElo "1664"]
[BlackElo "1449"]
[PlyCount "33"]
[EventDate "2022.10.03"]
[EventType "swiss"]
[EventRounds "9"]
[EventCountry "BRA"]
[SourceTitle "EXT 2024"]
[Source "ChessBase"]
[SourceDate "2023.10.10"]
[SourceVersion "1"]
[SourceVersionDate "2023.10.10"]
[SourceQuality "1"]

1. d4 c5 2. d5 e6 3. dxe6 fxe6 4. e4 d5 5. exd5 Qxd5 6. Nd2 Nf6 7. Ngf3 Bd6 8. Bc4 Qh5 9. Qe2 e5 10. Ne4 Be7 11. Bg5 Nc6 12. Ng3 Qg4 13. h3 Qd7 14. Nxe5 Nd5 15. Qd3 Qc7 16. Nf3 Be6 17. Bxd5 1-0

[Event "BRA-ch 87th"]
[Site "Cuiaba"]
[Date "2021.10.29"]
[Round "3"]
[White "Timossi, Lucas Jose Santiago"]
[Black "Santanna, Paulo"]
[Result "0-1"]
[WhiteElo "1737"]
[BlackElo "1894"]
[PlyCount "52"]
[EventDate "2021.10.28"]
[EventType "swiss"]
[EventRounds "11"]
[EventCountry "BRA"]
[SourceTitle "CBM 205 Extra"]
[Source "ChessBase"]
[SourceDate "2022.01.31"]
[SourceVersion "1"]
[SourceVersionDate "2022.01.31"]
[SourceQuality "1"]

1. d3 c5 2. Nf3 g6 3. Be3 d6 4. c4 Bg7 5. Nc3 Nf6 6. g3 Nc6 7. Bg2 0-0 8. 0-0 h6 9. a3 Qd7 10. Qc2 b6 11. Rfb1 Bb7 12. b4 Ng4 13. Bd2 Nd4 14. Nxd4 Bxg2 15. Kxg2 cxd4 16. Na2 Rac8 17. Qb3 Kh7 18. h3 Ne5 19. b5 g5 20. Nb4 f5 21. f4 gxf4 22. Bxf4 Ng6 23. Bd2 f4 24. g4 Nh4+ 25. Kf1 Qb7 26. e3 Qf3+ 0-1